| 000 | 00802cam a22002414a 4500 | ||
|---|---|---|---|
| 999 |
_c4084 _d4084 |
||
| 001 | 13453 | ||
| 003 | BD-DhUAP | ||
| 005 | 20200318160342.0 | ||
| 008 | 200318s1997 nyua b 001 0 eng | ||
| 020 | _a9780070587182 | ||
| 020 | _a0070587183 | ||
| 040 |
_aDLC _cDLC _dBD-DhUAP _bEng |
||
| 082 | 0 | 0 |
_a511.5076 BAL _223 |
| 100 | 1 | _aBalakrishnan, V. K. | |
| 245 | 1 | 0 |
_aSchaum's outline of theory and problems of graph theory / _cV.K. Balakrishnan. |
| 250 | _aTata McGraw-Hill ed. | ||
| 260 |
_aNew York : _bMcGraw-Hill, _cc2004 [Reprinted 2009]. |
||
| 300 |
_aviii, 293 pages : _billustrations ; _c28 cm. |
||
| 504 | _aIncludes bibliographical references (p. 287) and index. | ||
| 650 | 0 |
_aGraph theory _xProblems, exercises, etc. |
|
| 650 | 0 |
_aGraph theory _xOutlines, syllabi, etc. |
|
| 942 |
_2ddc _cBK |
||